000 00725nam a22001577a 4500
003 OSt
005 20150920084809.0
008 150920b xxu||||| |||| 00| 0 eng d
040 _cRUA
082 _aAGR KHE 2008 B038 Or.1
100 _9899
_aKHEM, SOKKHENG.
245 _aComparison of different rates of cow dung on tomato at the royal university of agriculture ការប្រៀបធៀបកំរិតខុសគ្នា នៃជីលាមកគោលើដំណាំប៉េងប៉ោះ​ក្នុងលក្ខខណ្ឌសាកលវិទ្យាល័យភូមិន្ទកសិកម្ម
260 _aPhnom Penh
_bRUA
_c2008
300 _axiii; 55p.
_bill.
_c29cm.
942 _2ddc
_cAGR
999 _c867
_d867